000 01056nam a22003017a 4500
001 794
005 20250221111953.0
020 _a0688165478
020 _a9780545102711
040 _aDLC
_cDLC
_dDLC
_beng
050 0 0 _aPZ7.W17125
_bSu 1999
082 0 0 _a[Fic]
_221
100 1 _aWalter, Mildred Pitts.
245 1 0 _aSuitcase /
_cWalter, Mildred Pitts ; illustrated by Flavin, Teresa .
260 _aNew York :
_bScholastic,
_c1999.
300 _a107 pages :
_billustrations ;
_c20 cm.
505 _aK
520 _aDespite his love of drawing and his feelings of inadequacy as an athlete, sixth-grader Xander "Suitcase" Bingham works to become a baseball player to win the approval of his father.
521 _a550
_bLexile
521 _aK
_bRaz-Plus
650 1 _aSelf-perception
_vFiction.
650 1 _aFathers and sons
_vFiction.
650 1 _aArtists
_vFiction.
650 1 _aAfrican Americans
_vFiction.
700 1 _aFlavin, Teresa,
_eillustrator.
906 _a7
_bcbc
_corignew
_d1
_eocip
_f19
_gy-gencatlg
942 _2ddc
_cBK
_n0
999 _c794
_d794